[Event "Romulus op"]
[Site "Romulus"]
[Date "2000.09.03"]
[Round "4"]
[White "Moore, Martin"]
[Black "Dunlap, Robert"]
[Result "0-1"]
[WhiteElo "1505"]
[BlackElo "1632"]
[PlyCount "104"]
[EventDate "2000.09.01"]
[EventType "swiss"]
[EventRounds "7"]
[EventCountry "USA"]
[SourceTitle "EXT 2007"]
[Source "ChessBase"]
[SourceDate "2006.11.23"]
[SourceVersion "1"]
[SourceVersionDate "2006.11.23"]
[SourceQuality "1"]

1. d4 Nf6 2. Nf3 g6 3. e3 Bg7 4. Bd3 0-0 5. 0-0 d6 6. b3 c5 7. Bb2 cxd4 8. exd4 Nc6 9. c4 Bg4 10. Nbd2 e5 11. d5 Nb4 12. Be2 Re8 13. a3 Na6 14. Re1 Qb6 15. h3 Bf5 16. Nh4 Bd7 17. Bd3 e4 18. Bc2 g5 19. Re2 gxh4 20. Nxe4 Nxe4 21. Bxg7 Kxg7 22. Bxe4 Nc5 23. Bc2 Rxe2 24. Qxe2 Re8 25. Qh5 Ne4 26. Qxh4 Bf5 27. Re1 Qd4 28. Kh2 Qe5+ 29. Kg1 Qd4 30. Kh2 Bg6 31. f3 Qf6 32. Rxe4 Qxh4 33. Rxh4 Bxc2 34. b4 Rc8 35. Rd4 Kf6 36. f4 Bb3 37. c5 dxc5 38. bxc5 Rxc5 39. d6 Bd5 40. Kg3 Ke6 41. Kg4 Kxd6 42. Kg5 Ke6 43. g4 Bg2+ 44. f5+ Ke5 45. Rd7 f6+ 46. Kh6 Rc3 47. Rxh7 Rxh3+ 48. Kg6 Rxh7 49. Kxh7 Bh3 50. g5 Bxf5+ 51. g6 Bxg6+ 52. Kxg6 f5 0-1